[Event "Bristol winter Congress 2017 FIDE Open"]
[Site "Bristol"]
[Date "2017.11.26"]
[Round "4.1"]
[White "Martin, Lewis"]
[Black "Arkell, Keith C"]
[Result "1/2-1/2"]
[WhiteElo "2068"]
[BlackElo "2416"]
[PlyCount "77"]
[EventDate "2017.11.24"]
[SourceDate "2015.12.09"]

1. d4 Nf6 2. c4 e6 3. Nf3 Bb4+ 4. Bd2 Qe7 5. Nc3 O-O 6. e3 Bxc3 7. Bxc3 Ne4 8.
Qc2 Nxc3 9. Qxc3 d6 10. Bd3 Nd7 11. O-O-O e5 12. dxe5 Nxe5 13. Nxe5 Qxe5 14.
Qxe5 dxe5 15. Rd2 Be6 16. Rhd1 f5 17. Be2 Kf7 18. Kc2 a5 19. a4 Kf6 20. Kc3 g5
21. c5 f4 22. e4 g4 23. Bc4 Rf7 24. Bxe6 Kxe6 25. Kc4 h5 26. Rd8 Rxd8 27. Rxd8
h4 28. Kb5 g3 29. hxg3 fxg3 30. fxg3 hxg3 31. Rg8 Rf2 32. Rxg3 Rxb2+ 33. Kxa5
Kd7 34. Rg5 Kc6 35. Rxe5 Rxg2 36. Kb4 Rb2+ 37. Kc3 Ra2 38. Kb3 Ra1 39. Kb4
1/2-1/2

[Event "Bristol winter Congress 2017 FIDE Open"]
[Site "Bristol"]
[Date "2017.11.26"]
[Round "4.2"]
[White "Svyatoslav, Vorobyev"]
[Black "Cherupalli, Ramprasad"]
[Result "1-0"]
[WhiteElo "1903"]
[BlackElo "1856"]
[PlyCount "53"]
[EventDate "2017.11.24"]
[SourceDate "2015.12.09"]

1. e4 e5 2. Nf3 Nc6 3. Bb5 a6 4. Bxc6 dxc6 5. O-O Bg4 6. h3 h5 7. d3 Bxf3 8.
Qxf3 Qf6 9. Qxf6 Nxf6 10. Be3 O-O-O 11. Nd2 Rg8 12. f4 exf4 13. Bxf4 Nd7 14. d4
f6 15. Nc4 g5 16. Bd2 g4 17. hxg4 Rxg4 18. Bf4 Be7 19. Ne3 Rg6 20. Nf5 Re8 21.
Rae1 Bd8 22. Kf2 Nf8 23. Rh1 Ne6 24. Bd2 Ng5 25. Rh4 Be7 26. Rxh5 Nf7 27. Rh7
1-0

[Event "Bristol winter Congress 2017 FIDE Open"]
[Site "Bristol"]
[Date "2017.11.26"]
[Round "4.3"]
[White "Bogdan, Horia D"]
[Black "Hosdurga, Chirag"]
[Result "1/2-1/2"]
[WhiteElo "1956"]
[BlackElo "1460"]
[PlyCount "82"]
[EventDate "2017.11.24"]
[SourceDate "2015.12.09"]

1. d4 d5 2. c4 e6 3. Nf3 Nf6 4. g3 Be7 5. Bg2 O-O 6. O-O b6 7. Qc2 Bb7 8. cxd5
exd5 9. Ne5 c5 10. Be3 Nbd7 11. f4 Ne4 12. Nc3 f5 13. Nxe4 cxd4 14. Bxd4 fxe4
15. Bh3 Nxe5 16. fxe5 Bc8 17. Rxf8+ Bxf8 18. e6 Qd6 19. Rc1 Bxe6 20. Bxe6+ Qxe6
21. Qc7 Qe7 22. e3 Rd8 23. Qxe7 Bxe7 24. Rc7 Bf6 25. Rxa7 Bxd4 26. exd4 Rd6 27.
Rc7 h5 28. b4 Kh7 29. a4 Kg6 30. b5 Kf6 31. Kf2 g6 32. Ke3 g5 33. a5 bxa5 34.
Ra7 Kf5 35. Ra6 Rd8 36. b6 Rc8 37. Rxa5 Rc3+ 38. Kd2 Rb3 39. Rxd5+ Kg4 40. Re5
Kf3 41. Rf5+ Kg4 1/2-1/2

[Event "Bristol winter Congress 2017 FIDE Open"]
[Site "Bristol"]
[Date "2017.11.26"]
[Round "4.4"]
[White "French, Max"]
[Black "Musson, Adam J"]
[Result "1-0"]
[WhiteElo "2007"]
[BlackElo "2030"]
[PlyCount "69"]
[EventDate "2017.11.24"]
[SourceDate "2015.12.09"]

1. d4 Nf6 2. c4 g6 3. Nc3 d5 4. cxd5 Nxd5 5. e4 Nxc3 6. bxc3 Bg7 7. Bc4 c5 8.
Ne2 O-O 9. Be3 Nc6 10. O-O Na5 11. Bd3 c4 12. Bc2 b6 13. d5 e6 14. dxe6 Bxe6
15. Nd4 Qe7 16. Qf3 Rac8 17. Rac1 Nc6 18. Nxc6 Rxc6 19. Rfd1 Bc8 20. Bd4 Re6
21. Qg3 Bb7 22. f3 Be5 23. Bxe5 Rxe5 24. Rb1 Ra5 25. a4 h5 26. Rb4 Rc5 27. Rd4
h4 28. Qf4 Ba6 29. Qd2 h3 30. g3 Re8 31. Rd7 Qf6 32. Kf2 Re7 33. Rd8+ Kg7 34.
Qd4 Bb7 35. Rg8+ 1-0

[Event "Bristol winter Congress 2017 FIDE Open"]
[Site "Bristol"]
[Date "2017.11.26"]
[Round "4.5"]
[White "Beaumont, Chris R"]
[Black "Di-Vetta, Andrew"]
[Result "1-0"]
[WhiteElo "2270"]
[BlackElo "1611"]
[PlyCount "67"]
[EventDate "2017.11.24"]
[SourceDate "2015.12.09"]

1. c4 Nf6 2. Nf3 e6 3. g3 c6 4. Bg2 d5 5. Qc2 Bd6 6. d4 O-O 7. O-O Nbd7 8. Nfd2
Re8 9. Nc3 Bf8 10. Rd1 g6 11. e4 dxc4 12. Nxc4 Nb6 13. Ne5 Qe7 14. b3 Rd8 15.
a4 Qe8 16. a5 Nbd7 17. Bg5 Be7 18. Nc4 Nf8 19. e5 Nd5 20. Nd6 Bxd6 21. Bxd8
Nxc3 22. Qxc3 Qxd8 23. exd6 Qxd6 24. a6 Rb8 25. axb7 Rxb7 26. Qxc6 Qxc6 27.
Bxc6 Rxb3 28. Rxa7 Rc3 29. Be8 f5 30. Rb1 e5 31. Bf7+ Kh8 32. dxe5 Ne6 33. Bxe6
Bxe6 34. Rb8+ 1-0

[Event "Bristol winter Congress 2017 FIDE Open"]
[Site "Bristol"]
[Date "2017.11.26"]
[Round "4.6"]
[White "Borkowski, J Andrew"]
[Black "Cordner, David A"]
[Result "0-1"]
[WhiteElo "1870"]
[BlackElo "1987"]
[PlyCount "160"]
[EventDate "2017.11.24"]
[SourceDate "2015.12.09"]

1. Nf3 Nf6 2. d4 e6 3. e3 c5 4. c3 Nc6 5. Nbd2 b6 6. b3 Bb7 7. Bd3 Be7 8. O-O
O-O 9. Bb2 cxd4 10. exd4 Rc8 11. Re1 Re8 12. Rc1 Bf8 13. Ne4 Nxe4 14. Bxe4 Na5
15. Bxb7 Nxb7 16. Rc2 d5 17. Qc1 Na5 18. Ba3 Bxa3 19. Qxa3 Qe7 20. Qxe7 Rxe7
21. Kf1 Rec7 22. Rec1 Nc6 23. a3 Na5 24. Nd2 Kf8 25. Ke2 b5 26. Kd3 Ke7 27. Re1
Kd6 28. Rec1 Kd7 29. Re1 a6 30. Rec1 f6 31. f3 h5 32. f4 h4 33. Re1 Rg8 34. Re3
g5 35. fxg5 Rxg5 36. Re2 Rc8 37. Rc1 Rcg8 38. Rce1 Re8 39. Nf3 Rh5 40. Nd2 Kd6
41. Rf2 Rh6 42. Ref1 Rg8 43. Ke3 Rhg6 44. Kf3 Rc8 45. Nb1 Nxb3 46. Ke3 Na5 47.
Rxf6 Nc4+ 48. Kd3 Rxg2 49. Re1 Nb2+ 50. Ke3 Rxh2 51. Kf3 Re8 52. Rh6 Nc4 53.
Kg4 Rg8+ 54. Kh5 Re8 55. Kg4 Ra2 56. Rxh4 Nxa3 57. Nxa3 Rxa3 58. Re3 b4 59.
Rhh3 Rg8+ 60. Kf4 Rf8+ 61. Kg5 Rxc3 62. Rxc3 bxc3 63. Rxc3 e5 64. dxe5+ Kxe5
65. Ra3 Rg8+ 66. Kh4 Kf4 67. Ra4+ Ke3 68. Rxa6 d4 69. Re6+ Kd2 70. Rd6 d3 71.
Kh3 Ke2 72. Re6+ Kd1 73. Rd6 d2 74. Kh2 Rg5 75. Rd7 Ke2 76. Re7+ Kd3 77. Rd7+
Ke3 78. Rd8 Rg4 79. Kh3 Rd4 80. Re8+ Kd3 0-1

[Event "Bristol winter Congress 2017 FIDE Open"]
[Site "Bristol"]
[Date "2017.11.26"]
[Round "4.7"]
[White "Fowler, Hugo"]
[Black "Smith, Chris A"]
[Result "0-1"]
[WhiteElo "1780"]
[BlackElo "1952"]
[PlyCount "82"]
[EventDate "2017.11.24"]
[SourceDate "2015.12.09"]

1. e4 c5 2. c3 Nf6 3. e5 Nd5 4. d4 cxd4 5. Nf3 d6 6. Qxd4 e6 7. Bd3 a6 8. Nbd2
Nc6 9. Qa4 Nb6 10. Qe4 dxe5 11. O-O f5 12. Qe2 e4 13. Nxe4 fxe4 14. Qxe4 Qd5
15. Qe2 Be7 16. Rd1 Qh5 17. Bf4 Nd5 18. Bg3 O-O 19. Bc4 Bf6 20. Rd2 Nxc3 21.
bxc3 Bxc3 22. Bxe6+ Bxe6 23. Qxe6+ Qf7 24. Qxf7+ Rxf7 25. Rad1 Bxd2 26. Rxd2
Rd8 27. Kf1 Rxd2 28. Nxd2 Re7 29. f3 Re3 30. Bd6 Rd3 31. Ne4 Nd4 32. Nc5 Rd1+
33. Kf2 Ra1 34. Nxb7 Rxa2+ 35. Kf1 a5 36. Be5 Nc6 37. Bc3 a4 38. Nc5 a3 39. Nb3
Rc2 40. Bd2 a2 41. Ke1 Rb2 0-1

[Event "Bristol winter Congress 2017 FIDE Open"]
[Site "Bristol"]
[Date "2017.11.26"]
[Round "4.8"]
[White "Howell, Oliver W"]
[Black "Anderson, Peter W"]
[Result "0-1"]
[WhiteElo "1757"]
[BlackElo "1949"]
[PlyCount "62"]
[EventDate "2017.11.24"]
[SourceDate "2015.12.09"]

1. Nf3 g6 2. c4 Bg7 3. g3 e5 4. Bg2 f5 5. O-O d6 6. Nc3 Nf6 7. b4 a5 8. b5 Nbd7
9. Rb1 Rb8 10. d4 e4 11. Nd2 O-O 12. Nb3 b6 13. Ba3 Re8 14. e3 Nf8 15. c5 d5
16. Nc1 g5 17. cxb6 cxb6 18. N1e2 Ng6 19. Qd2 Bh6 20. Rbc1 f4 21. exf4 gxf4 22.
Nxf4 Nxf4 23. gxf4 Nh5 24. Ne2 Re6 25. Kh1 Qh4 26. f3 Nxf4 27. Nxf4 Bxf4 28.
Bh3 Rg6 29. Rxc8+ Rxc8 30. Be7 Qxh3 31. Qxf4 Qxf1# 0-1

[Event "Bristol winter Congress 2017 FIDE Open"]
[Site "Bristol"]
[Date "2017.11.26"]
[Round "4.9"]
[White "Price, Andrew"]
[Black "Johnson, Richard J"]
[Result "1/2-1/2"]
[WhiteElo "1755"]
[BlackElo "1930"]
[PlyCount "84"]
[EventDate "2017.11.24"]
[SourceDate "2015.12.09"]

1. e4 c5 2. Nf3 e6 3. d4 cxd4 4. Nxd4 a6 5. c4 Nf6 6. Nc3 Qc7 7. Bd3 b6 8. Qe2
d6 9. O-O Be7 10. Be3 Bb7 11. f4 Nbd7 12. f5 e5 13. Nc2 h5 14. Nb4 Ng4 15. Nbd5
Qd8 16. Bd2 Rc8 17. h3 Ngf6 18. Nxe7 Qxe7 19. Bg5 Qd8 20. Rac1 Qc7 21. Rfd1 Qb8
22. Bb1 Bc6 23. b4 Ke7 24. Nd5+ Bxd5 25. cxd5 b5 26. Bd3 Nb6 27. Rxc8 Qxc8 28.
Rc1 Qb7 29. Qe3 Rc8 30. Rxc8 Nxc8 31. Qc1 Nb6 32. Be3 Nfd7 33. Be2 g6 34. fxg6
fxg6 35. Qf1 Qc7 36. Bg5+ Ke8 37. Qc1 Qxc1+ 38. Bxc1 Na4 39. Bd2 Nf6 40. Bd3
Nb2 41. Bc2 Nc4 42. Bg5 Kf7 1/2-1/2

[Event "Bristol winter Congress 2017 FIDE Open"]
[Site "Bristol"]
[Date "2017.11.26"]
[Round "4.10"]
[White "Lampard, Alice"]
[Black "Holton, Jake"]
[Result "0-1"]
[WhiteElo "1647"]
[BlackElo "1916"]
[PlyCount "150"]
[EventDate "2017.11.24"]
[SourceDate "2015.12.09"]

1. d4 d5 2. c4 c6 3. Nf3 Nf6 4. Qc2 dxc4 5. Qxc4 Bf5 6. Nc3 e6 7. g3 Nbd7 8.
Bg2 h6 9. O-O Be7 10. Qb3 Qb6 11. Qxb6 Nxb6 12. Nd2 O-O 13. h3 Rfd8 14. e3 Rd7
15. a3 a5 16. Re1 a4 17. Kh2 Bh7 18. Bf1 Rc8 19. Nf3 Ne4 20. Nxe4 Bxe4 21. Ne5
Rdc7 22. Bd2 Nd7 23. Nxd7 Rxd7 24. Bc3 h5 25. Rac1 h4 26. Bg2 Bxg2 27. Kxg2 Rd5
28. Re2 Rg5 29. g4 Rb5 30. Rcc2 c5 31. Be1 c4 32. Bc3 Rb3 33. Re1 Bxa3 34. bxa3
Rxa3 35. Ra1 Rxa1 36. Bxa1 b5 37. Bc3 a3 38. Kf3 Ra8 39. Ra2 Ra4 40. Ke4 b4 41.
Bxb4 Rxb4 42. Rxa3 Rb2 43. Rc3 Rxf2 44. Rxc4 Rh2 45. Rc8+ Kh7 46. Rc7 Kg6 47.
Kf4 Rxh3 48. Rc5 Rh1 49. Kf3 Kf6 50. Kg2 Re1 51. Kf2 Ra1 52. Kf3 g5 53. d5 e5
54. Rc6+ Ke7 55. Rc2 Kd6 56. e4 Ra3+ 57. Kf2 Rg3 58. Rc6+ Kd7 59. Rf6 Ke7 60.
Rf5 f6 61. d6+ Ke6 62. d7 Kxd7 63. Rxf6 Rxg4 64. Rg6 Rf4+ 65. Kg2 g4 66. Rg7+
Kd6 67. Rg6+ Kc5 68. Rh6 h3+ 69. Kg3 Kd4 70. Rd6+ Kxe4 71. Rd1 Kf5 72. Rd8 Rf3+
73. Kh2 Rf2+ 74. Kh1 Kf4 75. Rf8+ Kg3 0-1

[Event "Bristol winter Congress 2017 FIDE Open"]
[Site "Bristol"]
[Date "2017.11.26"]
[Round "4.11"]
[White "Kramaley, David"]
[Black "Turner, Joseph David"]
[Result "0-1"]
[WhiteElo "1839"]
[BlackElo "1899"]
[PlyCount "40"]
[EventDate "2017.11.24"]
[SourceDate "2015.12.09"]

1. e4 e5 2. Bc4 Nc6 3. Nf3 Bc5 4. c3 Qf6 5. O-O d6 6. d4 exd4 7. Bg5 Qg6 8. Qd2
h6 9. Bf4 dxc3 10. Nxc3 Bg4 11. Nh4 Qh5 12. Nd5 Qxh4 13. Nxc7+ Kd7 14. Nxa8 Nf6
15. e5 Ne4 16. Qe1 f5 17. e6+ Kc8 18. g3 Qh3 19. Be2 Nd4 20. Bxg4 fxg4 0-1

[Event "Bristol winter Congress 2017 FIDE Open"]
[Site "Bristol"]
[Date "2017.11.26"]
[Round "4.12"]
[White "Stubbs, Oliver"]
[Black "Muller, Anton M"]
[Result "1-0"]
[WhiteElo "1445"]
[BlackElo "1967"]
[PlyCount "65"]
[EventDate "2017.11.24"]
[SourceDate "2015.12.09"]

1. d4 Nf6 2. Bf4 g6 3. Nc3 Bg7 4. e4 d6 5. Qd2 Nc6 6. O-O-O O-O 7. Nf3 Bg4 8.
Qe3 Nh5 9. Bg5 Qd7 10. Bb5 a6 11. Bxc6 bxc6 12. h3 Bxf3 13. Qxf3 h6 14. Be3 f5
15. g3 Qe8 16. g4 fxe4 17. Qxe4 Nf6 18. Qd3 Nd7 19. Qc4+ Kh7 20. Qxc6 Nf6 21.
Qc4 e5 22. dxe5 Qxe5 23. Rhe1 Qa5 24. h4 Rab8 25. g5 Rb4 26. Qd3 Ng4 27. h5 Ne5
28. hxg6+ Kg8 29. Qd5+ Qxd5 30. Nxd5 Nf3 31. Nxb4 Rb8 32. c3 a5 33. Nc6 1-0

[Event "Bristol winter Congress 2017 FIDE Open"]
[Site "Bristol"]
[Date "2017.11.26"]
[Round "4.13"]
[White "Iwi, Graham R"]
[Black "Varney, Daniel"]
[Result "1/2-1/2"]
[WhiteElo "1951"]
[BlackElo "1746"]
[PlyCount "29"]
[EventDate "2017.11.24"]
[SourceDate "2015.12.09"]

1. e4 d6 2. d4 Nf6 3. Nc3 g6 4. f4 Bg7 5. Nf3 c5 6. d5 Qa5 7. Bd2 Bd7 8. a4 O-O
9. Be2 Qb4 10. Nb5 Qxe4 11. Ng5 Qf5 12. Nc7 h6 13. Bd3 Qg4 14. Be2 Qf5 15. Bd3
1/2-1/2

[Event "Bristol winter Congress 2017 FIDE Open"]
[Site "Bristol"]
[Date "2017.11.26"]
[Round "4.14"]
[White "Waterfield, John W"]
[Black "Jukes, Sam"]
[Result "0-1"]
[WhiteElo "1947"]
[BlackElo "1745"]
[PlyCount "100"]
[EventDate "2017.11.24"]
[SourceDate "2015.12.09"]

1. e4 e5 2. f4 exf4 3. Nf3 Be7 4. Bc4 Nf6 5. e5 Ne4 6. O-O d5 7. exd6 Nxd6 8.
Bb3 c5 9. Ne5 c4 10. Ba4+ b5 11. d4 bxa4 12. Nxf7 Kxf7 13. Bxf4 Ke8 14. Nc3 Bb7
15. Qh5+ g6 16. Qe5 Rf8 17. Rae1 Nc6 18. Qc5 Kd7 19. Nd5 Rxf4 20. Rxf4 Nf5 21.
Nxe7 Ncxe7 22. Qxc4 Qb6 23. Qxa4+ Qc6 24. Qxc6+ Bxc6 25. c4 Re8 26. Re5 Bb7 27.
Ra5 Nc6 28. Rd5+ Kc7 29. g4 Nfxd4 30. Rf7+ Kb8 31. Rxh7 Re1+ 32. Kf2 Re2+ 33.
Kg3 Rxb2 34. h4 Rxa2 35. h5 Ra3+ 36. Kf2 Rf3+ 37. Kg2 Rf4 38. Kg3 Ne2+ 39. Kh4
gxh5 40. Kxh5 Rxc4 41. Rb5 Nd8 42. g5 Ng3+ 43. Kh6 Rc6+ 44. g6 Kc8 45. Rh8 Rb6
46. Rxb6 axb6 47. Kh7 Be4 48. Kh6 b5 49. Kg5 Kd7 50. g7 Ne6+ 0-1